| 000 | 01085cam a2200337I 4500 | ||
|---|---|---|---|
| 001 | 9679 | ||
| 003 | BD-RjUL | ||
| 005 | 20211208234822.0 | ||
| 008 | 210114s1924 enk 000 0 eng c | ||
| 029 | 1 |
_aAU@ _b000028245372 |
|
| 035 | _aBD-RjUL | ||
| 040 |
_aLibrary, U.S. Dept. of Agriculture _cOCP _dOCL _dOCLCQ _dOCLCG _dBD-RjUL _beng |
||
| 041 | _aeng | ||
| 082 |
_a543 _bLUN 1924 |
||
| 090 | _aTP161.L922 1924x | ||
| 092 | _b24.1 | ||
| 100 | 1 |
_aLunge, Georg, _d1839-1923. _929935 |
|
| 245 | 1 | 0 |
_aLunge and Keane's Technical methods of chemical analysis / _pVOLUME I |
| 250 | _a2d ed., | ||
| 260 |
_aLondon [etc.] _bGurney and Jackson, _c1924. |
||
| 300 |
_a1v.,xx,702p.: _billus.; _c25 cm. |
||
| 504 | _a"Literature" at end of each chapter. | ||
| 650 | 0 |
_aChemistry, Analytic. _929936 |
|
| 650 | 0 |
_aChemistry, Technical. _929937 |
|
| 700 | 1 |
_aKeane, Charles A. _929938 |
|
| 700 | 1 |
_aThorne, P. C. L. _q(Percy Cyril Lesley) _929939 |
|
| 942 |
_2ddc _cBK |
||
| 949 | 0 |
_ax _bLSA _cOCC _gv.1, _o0 _p39080031236224 _vv.1 _x15 _hTP161.L922 1924x |
|
| 999 |
_c9679 _d9679 |
||